[Event "Dresden ZMD op"]
[Site "Dresden"]
[Date "2008.07.26"]
[Round "8"]
[White "Siering, Martin"]
[Black "Zuther, Torsten"]
[Result "0-1"]
[WhiteElo "2029"]
[BlackElo "2153"]
[PlyCount "52"]
[EventDate "2008.07.19"]
[EventType "swiss"]
[EventRounds "9"]
[EventCountry "GER"]
[SourceTitle "CBM 125 Extra"]
[Source "ChessBase"]
[SourceDate "2008.09.01"]
[SourceVersion "1"]
[SourceVersionDate "2008.09.01"]
[SourceQuality "1"]

1. d4 Nf6 2. c4 c5 3. dxc5 e6 4. Nc3 Bxc5 5. Nf3 Nc6 6. a3 d5 7. e3 0-0 8. Be2 dxc4 9. Qxd8 Rxd8 10. Bxc4 Bd7 11. 0-0 Rac8 12. Bd2 Na5 13. Ba2 Bd6 14. Nd5 Nxd5 15. Bxd5 Nc6 16. Ba2 Ne5 17. Nd4 Nd3 18. Bc3 Nc5 19. Rfd1 Na4 20. Ne2 Bb5 21. Nd4 Nxc3 22. bxc3 Ba4 23. Nxe6 Bxd1 24. Nxd8 Rxd8 25. Rxd1 Bxh2+ 26. Kxh2 Rxd1 0-1

[Event "Dresden ZMD op"]
[Site "Dresden"]
[Date "2008.07.25"]
[Round "7"]
[White "Siering, Martin"]
[Black "Guenther, Thomas"]
[Result "0-1"]
[WhiteElo "2029"]
[BlackElo "2141"]
[PlyCount "132"]
[EventDate "2008.07.19"]
[EventType "swiss"]
[EventRounds "9"]
[EventCountry "GER"]
[SourceTitle "CBM 125 Extra"]
[Source "ChessBase"]
[SourceDate "2008.09.01"]
[SourceVersion "1"]
[SourceVersionDate "2008.09.01"]
[SourceQuality "1"]

1. d4 Nf6 2. c4 e6 3. Nc3 Bb4 4. Qc2 b6 5. Bg5 Bb7 6. Nf3 0-0 7. a3 Bxc3+ 8. Qxc3 d6 9. e3 h6 10. Bh4 g5 11. Bg3 Ne4 12. Qc2 Nd7 13. Nd2 f5 14. f3 Nxd2 15. Qxd2 Qf6 16. Bf2 e5 17. Be2 exd4 18. Qxd4 Rae8 19. 0-0-0 Qxd4 20. Rxd4 Nc5 21. Kc2 a5 22. b4 axb4 23. axb4 Na6 24. Kb3 Nxb4 25. Rdd1 Na6 26. Ra1 Nc5+ 27. Kc3 Ra8 28. Rhb1 Kg7 29. Bd1 Rxa1 30. Rxa1 Ra8 31. Rxa8 Bxa8 32. Kd4 Kf6 33. Bc2 Bb7 34. Be1 Bc6 35. Bb4 Ne6+ 36. Kd3 d5 37. Bb3 dxc4+ 38. Bxc4 Bb7 39. Bc3+ Ke7 40. Be5 c5 41. Bb5 g4 42. Bb8 Kd8 43. Ke2 gxf3+ 44. gxf3 Ng5 45. f4 Ne4 46. Be5 Ke7 47. Kd3 Nd6 48. Bc4 Bc6 49. h4 b5 50. Bg8 b4 51. Bg7 h5 52. Be5 Be4+ 53. Kd2 Nb5 54. Kc1 Na3 55. Bb2 Nb5 56. Kd2 Nc7 57. Be5 Nd5 58. Bb2 c4 59. Bd4 c3+ 60. Kd1 Kd6 61. Bf7 Kc6 62. Be8+ Kb7 63. Ba4 Ka6 64. Bd7 b3 65. Ba4 b2 66. Bc2 Nb4 0-1

[Event "Dresden ZMD op"]
[Site "Dresden"]
[Date "2008.07.24"]
[Round "6"]
[White "Stahr, Ralf Peter"]
[Black "Siering, Martin"]
[Result "0-1"]
[WhiteElo "2174"]
[BlackElo "2029"]
[PlyCount "132"]
[EventDate "2008.07.19"]
[EventType "swiss"]
[EventRounds "9"]
[EventCountry "GER"]
[SourceTitle "CBM 125 Extra"]
[Source "ChessBase"]
[SourceDate "2008.09.01"]
[SourceVersion "1"]
[SourceVersionDate "2008.09.01"]
[SourceQuality "1"]

1. c4 e6 2. e4 d5 3. Nc3 dxe4 4. Nxe4 b6 5. Be2 Be7 6. Bf3 c6 7. Ne2 Bb7 8. d4 Nd7 9. Bf4 Ndf6 10. Qa4 Nxe4 11. Bxe4 Qd7 12. 0-0-0 Nf6 13. Bf3 b5 14. Qc2 bxc4 15. Nc3 Nd5 16. Be5 Nb4 17. Qe2 Nd3+ 18. Rxd3 cxd3 19. Qxd3 f6 20. Bf4 e5 21. Be3 exd4 22. Bxd4 Rd8 23. Bh5+ Kf8 24. Qc4 g6 25. Rd1 Qf5 26. Bf3 c5 27. Be3 Rxd1+ 28. Bxd1 Kg7 29. f3 Bd6 30. Bb3 Rf8 31. Qb5 Qc8 32. Qa4 Re8 33. Bd2 Qc6 34. Qh4 g5 35. Bxg5 Be5 36. Qh6+ Kh8 37. Ba4 Qd6 38. Bxe8 fxg5 39. Qxd6 Bxd6 40. h3 Kg7 41. Kd2 Kf6 42. Kd3 Ke5 43. Bb5 Bd5 44. Bc4 Bc6 45. Ke3 h6 46. Bb5 Bd5 47. Bd3 Be6 48. b3 Bd5 49. Be4 Be6 50. Bb7 c4 51. bxc4 Bxc4 52. g3 Bc5+ 53. Kd2 Bb4 54. a4 Kd4 55. h4 Bxc3+ 56. Kc2 Be1 57. hxg5 hxg5 58. f4 g4 59. Kd1 Bxg3 60. Bc8 Bxf4 61. Bxg4 Bb3+ 62. Ke2 Bxa4 63. Kf3 Be3 64. Be6 a5 65. Ke2 Bc2 66. Bd7 a4 0-1

[Event "SVR-ch MTB 31th"]
[Site "Idar Oberstein"]
[Date "2008.03.18"]
[Round "5"]
[White "Siering, Martin"]
[Black "Becker, Volker"]
[Result "1/2-1/2"]
[WhiteElo "1901"]
[BlackElo "1844"]
[PlyCount "56"]
[EventDate "2008.03.14"]
[EventType "tourn"]
[EventRounds "9"]
[EventCountry "GER"]
[SourceTitle "EXT 2009"]
[Source "ChessBase"]
[SourceDate "2008.11.26"]
[SourceVersion "1"]
[SourceVersionDate "2008.11.26"]
[SourceQuality "1"]

1. d4 d5 2. c4 e6 3. Nc3 c6 4. Nf3 Nf6 5. Bg5 Nbd7 6. e3 Qa5 7. Bxf6 Nxf6 8. Nd2 Bb4 9. Qc2 0-0 10. Bd3 Re8 11. 0-0 Bxc3 12. Qxc3 Qxc3 13. bxc3 e5 14. c5 b6 15. cxb6 axb6 16. a4 Ba6 17. Bxa6 Rxa6 18. dxe5 Rxe5 19. c4 dxc4 20. Nxc4 Rc5 21. Rac1 Nd7 22. Nb2 Kf8 23. Rfd1 Rxc1 24. Rxc1 Nc5 25. Rc4 Ke7 26. Kf1 Kd6 27. Rd4+ Ke6 28. Rc4 Kd6 1/2-1/2

[Event "SVR-ch MAT-II 30th"]
[Site "Nickenich"]
[Date "2007.03.31"]
[Round "3"]
[White "Siering, Martin"]
[Black "Zirwes, Hans Juergen"]
[Result "1/2-1/2"]
[WhiteElo "1725"]
[BlackElo "1856"]
[PlyCount "63"]
[EventDate "2007.03.30"]
[EventType "tourn"]
[EventRounds "9"]
[EventCountry "GER"]
[SourceTitle "EXT 2009"]
[Source "ChessBase"]
[SourceDate "2008.11.26"]
[SourceVersion "1"]
[SourceVersionDate "2008.11.26"]
[SourceQuality "1"]

1. d4 d5 2. c4 e6 3. Nc3 Nf6 4. Bg5 c6 5. e3 Nbd7 6. Nf3 Qa5 7. Bxf6 Nxf6 8. Nd2 Bb4 9. Qc2 0-0 10. Bd3 Re8 11. 0-0 dxc4 12. Nxc4 Qc7 13. a3 Bd6 14. Nxd6 Qxd6 15. Ne4 Nxe4 16. Bxe4 g6 17. f4 Bd7 18. Rac1 Rac8 19. Rfd1 a6 20. b4 Qe7 21. Qc5 Rc7 22. Qxe7 Rxe7 23. Rc5 Be8 24. Rdc1 Rc8 25. a4 Rd8 26. Bd3 Kg7 27. R5c3 f5 28. b5 axb5 29. axb5 Ra8 30. bxc6 Bxc6 31. Kf2 Ra5 32. R1c2 1/2-1/2